ANSYS ví dụ thực tế phân tích kết cấu công trình thủy lợi thủy điện = Practiccal applications on structural analysis of hydraulic works and hydropower dams

Nội dung gồm các bài toán cơ bản thường gập trong tính toán kết cấu công trình nói chung và công trình thủy lợi nói riêng. Sách còn các bài toán chuyên ngành thường gập trong công trình thủy lợi thủy điện lớn....

Fuld beskrivelse

Đã lưu trong:
Bibliografiske detaljer
Hovedforfatter: Vũ Hoàng Hưng
Format: Bog
Sprog:Vietnamese
Udgivet: H. Xây dựng 2018
Fag:
Tags: Tilføj Tag
Ingen Tags, Vær først til at tagge denne postø!
Thư viện lưu trữ: Thư viện Trường Đại học Nam Cần Thơ
LEADER 01369nam a22002057a 4500
001 NCT_63381
008 190418b xxu||||| |||| 00| 0 vie d
999 |c 3066  |d 3066 
020 |a 9786048225094  |c 235000 
082 0 4 |2 23rd ed.  |a 627.0285  |b H556 
100 1 |a Vũ Hoàng Hưng 
245 1 0 |a ANSYS ví dụ thực tế phân tích kết cấu công trình thủy lợi thủy điện  |b = Practiccal applications on structural analysis of hydraulic works and hydropower dams  |c Vũ Hoàng Hưng 
260 |a H.  |b Xây dựng  |c 2018 
300 |a 470 tr.  |b Hình vẽ  |c 27cm 
520 3 |a Nội dung gồm các bài toán cơ bản thường gập trong tính toán kết cấu công trình nói chung và công trình thủy lợi nói riêng. Sách còn các bài toán chuyên ngành thường gập trong công trình thủy lợi thủy điện lớn. 
653 |a Kỹ thuật công trình xây dựng 
942 |2 ddc  |c BK 
952 |0 0  |1 0  |2 ddc  |4 0  |6 627_028500000000000_H556  |7 0  |9 16638  |a 000001  |b 000001  |d 2019-04-18  |o 627.0285 H556  |p MD.15199  |r 2019-04-18  |v 235000.00  |w 2019-04-18  |y BK 
952 |0 0  |1 0  |2 ddc  |4 0  |6 627_028500000000000_H556  |7 0  |9 16639  |a 000001  |b 000001  |d 2019-04-18  |o 627.0285 H556  |p MD.15200  |r 2019-04-18  |v 235000.00  |w 2019-04-18  |y BK 
980 |a Thư viện Trường Đại học Nam Cần Thơ